| 000 | 00898nam a2200229 i 4500 | ||
|---|---|---|---|
| 001 | 182286 | ||
| 003 | ES-MaACL | ||
| 005 | 20250805055433.0 | ||
| 008 | 130731s1987 sp |||| | spa d | ||
| 020 | _a84-505-5777-1 | ||
| 080 | _a946.41 Alcalá de Henares "16"(093) | ||
| 110 | 1 |
_aEspaña. _bRey (1665-1700: Carlos II) _9153121 |
|
| 245 | 1 | 0 | _aConcesión del título de ciudad a Alcalá de Henares por S.M. el rey don Carlos II. |
| 250 | _aEdición conmemorativa de su Tercer Centenario (1687-1987). | ||
| 260 |
_aAlcalá de Henares : _bAyuntamiento, _cD.L. 1987. |
||
| 300 |
_a[30] p. ; _c22 cm. |
||
| 500 | _aIncluye acta de recepción del título de ciudad por el Concejo de Alcalá de Henares. | ||
| 651 | 4 |
_aAlcalá de Henares- _xHistoria- _yS.XVII. _9145067 |
|
| 700 | 0 |
_aCarlos _bII, _cRey de España _935303 |
|
| 852 |
_aES-MaACL _j2316-F-34 |
||
| 999 |
_c182286 _d182286 |
||